00443 2200181 4500001002100000008004100021035002000062245001900082100001100101260003100112300002600143020002200169084001600191082000800207650001000215990001900225990001700244INLIS000000000000020 ind  a0010-0724000020 aAreksacItakrn aItakrn aDepok :bAkad Media,c2021 a272 hlm.c14 x 20 cm. a978-623-96080-8-8 a813.2 ITA a a813 aFiksi aP29/CP/24/20.1 aP29/CP/24/20